[Event "6. Torneo Governador Mario Covas"]
[Site "Santos BRA"]
[Date "2006.04.29"]
[Round "1.1"]
[White "Fier, Alexander"]
[Black "Zambrana, Oswaldo"]
[Result "1-0"]
[WhiteElo "2471"]
[BlackElo "2425"]
[PlyCount "67"]
[EventDate "2006.04.29"]
[EventType "tourn"]
[EventRounds "9"]
[EventCountry "BRA"]
[Source "lmi"]
[SourceDate "2006.05.07"]

1. e4 c5 2. Nf3 Nc6 3. d4 cxd4 4. Nxd4 Nf6 5. Nc3 e5 6. Ndb5 d6 7. Bg5 a6 8.
Na3 b5 9. Bxf6 gxf6 10. Nd5 f5 11. Bd3 Be6 12. O-O Bxd5 13. exd5 Ne7 14. c3 Bg7
15. Re1 O-O 16. Qh5 e4 17. Bf1 Re8 18. Rad1 Qc8 19. Nc2 Ng6 20. Qh3 Rb8 21. a3
Kh8 22. Nb4 Ne7 23. Qh5 a5 24. Nc6 Nxc6 25. dxc6 Qxc6 26. Qxf5 Re5 27. Qxf7 d5
28. Qa7 Rf8 29. Qxa5 Qc5 30. Re3 Ref5 31. Qxb5 Qxb5 32. Bxb5 d4 33. Bd7 dxe3
34. Bxf5 1-0

[Event "6. Torneo Governador Mario Covas"]
[Site "Santos BRA"]
[Date "2006.04.29"]
[Round "1.5"]
[White "Coelho, Luis"]
[Black "Lafuente, Pablo"]
[Result "1/2-1/2"]
[WhiteElo "2394"]
[BlackElo "2405"]
[PlyCount "70"]
[EventDate "2006.04.29"]
[EventType "tourn"]
[EventRounds "9"]
[EventCountry "BRA"]
[Source "lmi"]
[SourceDate "2006.05.07"]

1. d4 Nf6 2. c4 e6 3. g3 c5 4. d5 exd5 5. cxd5 d6 6. Nc3 g6 7. Nf3 Bg7 8. Bg2
O-O 9. O-O Na6 10. Nd2 Nc7 11. Nc4 b6 12. Nxd6 Ba6 13. Bf4 Nh5 14. Nde4 Nxf4
15. gxf4 Qh4 16. Qa4 Qxf4 17. d6 Be5 18. Ng3 Qxa4 19. Nxa4 Bxd6 20. Bxa8 Rxa8
21. Nc3 Be5 22. Rfd1 Nb5 23. Nxb5 Bxb5 24. Rd2 Re8 25. Rad1 Kg7 26. e3 Bf6 27.
Ne2 Re5 28. h3 Bc6 29. Kh2 Bf3 30. Rg1 Rf5 31. Nf4 Be5 32. Kg3 Rg5+ 33. Kh2 Rf5
34. Kg3 Rg5+ 35. Kh2 Rf5 1/2-1/2

[Event "6. Torneo Governador Mario Covas"]
[Site "Santos BRA"]
[Date "2006.04.30"]
[Round "2.2"]
[White "Matsuura, Everaldo"]
[Black "Coelho, Luis"]
[Result "0-1"]
[WhiteElo "2473"]
[BlackElo "2394"]
[PlyCount "84"]
[EventDate "2006.04.29"]
[EventType "tourn"]
[EventRounds "9"]
[EventCountry "BRA"]
[Source "lmi"]
[SourceDate "2006.05.07"]

1. e4 e6 2. d4 d5 3. Nc3 Nf6 4. e5 Nfd7 5. Nce2 c5 6. c3 cxd4 7. cxd4 f6 8. Nf4
Bb4+ 9. Bd2 Qb6 10. Bxb4 Qxb4+ 11. Qd2 Qxd2+ 12. Kxd2 Ke7 13. exf6+ gxf6 14.
Re1 Nb6 15. Nf3 Kd6 16. Rg1 Rf8 17. Nh5 Bd7 18. Bd3 Nc6 19. Bxh7 e5 20. dxe5+
fxe5 21. Ng3 Bg4 22. Ng5 Rxf2+ 23. Kc1 Raf8 24. h3 Bd7 25. Ref1 Ke7 26. h4 Nc4
27. h5 Nb4 28. Rxf2 Rxf2 29. Bb1 Nxb2 30. h6 N2d3+ 31. Bxd3 Nxd3+ 32. Kb1 Rf8
33. Rf1 Nf4 34. Nf3 Ng6 35. h7 Rh8 36. Rh1 Kf6 37. Rh6 Bg4 38. Nxe5 Kxe5 39.
Rxg6 Kf4 40. Rg8 Rxh7 41. Nf1 Rh1 42. g3+ Kf3 0-1

[Event "6. Torneo Governador Mario Covas"]
[Site "Santos BRA"]
[Date "2006.04.30"]
[Round "2.4"]
[White "Rodriguez, Andres"]
[Black "Leitao, Rafael"]
[Result "1/2-1/2"]
[WhiteElo "2502"]
[BlackElo "2575"]
[PlyCount "27"]
[EventDate "2006.04.29"]
[EventType "tourn"]
[EventRounds "9"]
[EventCountry "BRA"]
[Source "lmi"]
[SourceDate "2006.05.07"]

1. e4 d6 2. d4 Nf6 3. Nc3 g6 4. h3 c6 5. g4 b5 6. Bg2 b4 7. Nce2 Bg7 8. Be3 Bb7
9. Qd2 a5 10. Ng3 h5 11. g5 Nfd7 12. h4 c5 13. f4 Nc6 14. N1e2 1/2-1/2

[Event "6. Torneo Governador Mario Covas"]
[Site "Santos BRA"]
[Date "2006.05.01"]
[Round "3.2"]
[White "Leitao, Rafael"]
[Black "Fier, Alexander"]
[Result "1-0"]
[WhiteElo "2575"]
[BlackElo "2471"]
[PlyCount "81"]
[EventDate "2006.04.29"]
[EventType "tourn"]
[EventRounds "9"]
[EventCountry "BRA"]
[Source "lmi"]
[SourceDate "2006.05.07"]

1. d4 Nf6 2. c4 e6 3. Nf3 b6 4. g3 Ba6 5. b3 Bb4+ 6. Bd2 Be7 7. Bg2 c6 8. Bc3
d5 9. Ne5 Nfd7 10. Nxd7 Nxd7 11. Nd2 O-O 12. O-O Nf6 13. e4 b5 14. exd5 exd5
15. Re1 Rb8 16. c5 Bc8 17. Nf3 Ne4 18. Rxe4 dxe4 19. Ne5 Qd5 20. Qe1 Bf5 21. g4
Bg6 22. f3 Qe6 23. fxe4 b4 24. Bb2 Rfd8 25. Rc1 Bf6 26. Nxc6 Qxc6 27. e5 Qa6
28. exf6 Re8 29. Qf2 Be4 30. Bf1 Bd3 31. fxg7 Re4 32. Qg3 Qc8 33. Qxd3 Rxg4+
34. Bg2 Qd8 35. Qf3 Qg5 36. Rf1 Qg6 37. d5 Re8 38. d6 Qe6 39. c6 f5 40. d7 Rd8
41. Kh1 1-0

[Event "6. Torneo Governador Mario Covas"]
[Site "Santos BRA"]
[Date "2006.05.02"]
[Round "4.1"]
[White "Zambrana, Oswaldo"]
[Black "Matsuura, Everaldo"]
[Result "1-0"]
[WhiteElo "2425"]
[BlackElo "2473"]
[PlyCount "69"]
[EventDate "2006.04.29"]
[EventType "tourn"]
[EventRounds "9"]
[EventCountry "BRA"]
[Source "lmi"]
[SourceDate "2006.05.07"]

1. e4 d5 2. exd5 Nf6 3. d4 Nxd5 4. Nf3 g6 5. Be2 Bg7 6. O-O O-O 7. c4 Nb6 8.
Nc3 Nc6 9. Be3 Bg4 10. d5 Bxf3 11. Bxf3 Ne5 12. c5 Nbc4 13. Bc1 Nxf3+ 14. Qxf3
c6 15. dxc6 Ne5 16. Qe4 Nxc6 17. Be3 Qa5 18. Rab1 Rfd8 19. b4 Qc7 20. Rfc1 Qe5
21. b5 Qxe4 22. Nxe4 Nd4 23. Kf1 Rac8 24. Rc4 f5 25. Nd2 e5 26. Nf3 Rd5 27.
Bxd4 exd4 28. c6 bxc6 29. bxc6 d3 30. c7 d2 31. Nxd2 Be5 32. Nf3 Bxc7 33. Rbc1
Rd7 34. Ng5 Re7 35. Rc6 1-0

[Event "6. Torneo Governador Mario Covas"]
[Site "Santos BRA"]
[Date "2006.05.02"]
[Round "4.2"]
[White "Milos, Gilberto"]
[Black "Lafuente, Pablo"]
[Result "1/2-1/2"]
[WhiteElo "2589"]
[BlackElo "2405"]
[PlyCount "50"]
[EventDate "2006.04.29"]
[EventType "tourn"]
[EventRounds "9"]
[EventCountry "BRA"]
[Source "lmi"]
[SourceDate "2006.05.07"]

1. d4 Nf6 2. c4 e6 3. Nc3 Bb4 4. e3 O-O 5. Nge2 d5 6. a3 Be7 7. Nf4 c6 8. b3
Nbd7 9. Bb2 dxc4 10. bxc4 e5 11. dxe5 Nxe5 12. Qc2 Qa5 13. Qa4 Qb6 14. Nd1 Ng6
15. Nxg6 hxg6 16. Bd3 Nd7 17. O-O Nc5 18. Qc2 Nxd3 19. Qxd3 Be6 20. Qc3 Bf6 21.
Qc2 Bxb2 22. Nxb2 Qa5 23. Nd3 Bf5 24. Qb3 Bxd3 25. Qxd3 Rfd8 1/2-1/2

[Event "6. Torneo Governador Mario Covas"]
[Site "Santos BRA"]
[Date "2006.05.02"]
[Round "4.3"]
[White "Rodriguez, Andres"]
[Black "Coelho, Luis"]
[Result "1/2-1/2"]
[WhiteElo "2502"]
[BlackElo "2394"]
[PlyCount "87"]
[EventDate "2006.04.29"]
[EventType "tourn"]
[EventRounds "9"]
[EventCountry "BRA"]
[Source "lmi"]
[SourceDate "2006.05.07"]

1. e4 c5 2. Nc3 Nc6 3. g3 g6 4. Bg2 Bg7 5. d3 d6 6. f4 e6 7. Be3 Nge7 8. Qd2
O-O 9. Nh3 b6 10. f5 exf5 11. Bh6 Be6 12. O-O d5 13. Bxg7 Kxg7 14. exd5 Nxd5
15. Nf4 Nxf4 16. Rxf4 Rc8 17. Re1 Re8 18. Nd1 f6 19. Ne3 Ne5 20. Ref1 Rc7 21.
Qc3 h5 22. h3 Rd7 23. g4 fxg4 24. Rxf6 Qxf6 25. Rxf6 Kxf6 26. Bc6 gxh3 27. Nc4
Bxc4 28. Bxd7 Rd8 29. Bc6 Bd5 30. Bxd5 Rxd5 31. Kh2 g5 32. Kxh3 Rd4 33. Qa3 a5
34. Qb3 Rh4+ 35. Kg2 Rg4+ 36. Kf1 Rb4 37. Qg8 Rxb2 38. Qh8+ Kf5 39. Qxh5 Rxc2
40. Qh7+ Kf6 41. Qh8+ Kf5 42. Qh7+ Kf6 43. Qh8+ Kf5 44. Qh7+ 1/2-1/2

[Event "6. Torneo Governador Mario Covas"]
[Site "Santos BRA"]
[Date "2006.05.03"]
[Round "5.1"]
[White "Leitao, Rafael"]
[Black "Zambrana, Oswaldo"]
[Result "1-0"]
[WhiteElo "2575"]
[BlackElo "2425"]
[PlyCount "83"]
[EventDate "2006.04.29"]
[EventType "tourn"]
[EventRounds "9"]
[EventCountry "BRA"]
[Source "lmi"]
[SourceDate "2006.05.07"]

1. d4 d5 2. c4 dxc4 3. Nf3 Nf6 4. e3 e6 5. Bxc4 c5 6. O-O a6 7. Bb3 b5 8. a4 b4
9. Nbd2 Be7 10. e4 cxd4 11. e5 Nfd7 12. Nc4 Nc6 13. Nxd4 Ndxe5 14. Nxc6 Nxc6
15. Be3 O-O 16. Qf3 Bb7 17. Rfd1 Qc7 18. Bb6 Qb8 19. Qe3 a5 20. Rd7 Ra6 21.
Rad1 Bf6 22. Nd6 Bc8 23. Nxc8 Rxc8 24. Rxf7 Nd4 25. Rxf6 Qxb6 26. Rxd4 gxf6 27.
Rg4+ Kf7 28. Qh6 Rf8 29. Bc4 Ke7 30. Rg7+ Rf7 31. Qxh7 Rxg7 32. Qxg7+ Kd6 33.
Bxa6 Qxa6 34. Qxf6 Qe2 35. h4 Qd1+ 36. Kh2 Qxa4 37. Qd8+ Ke5 38. h5 Kf5 39.
Qf8+ Ke4 40. h6 Qc2 41. Qf6 b3 42. Qh4+ 1-0

[Event "6. Torneo Governador Mario Covas"]
[Site "Santos BRA"]
[Date "2006.05.03"]
[Round "5.4"]
[White "Lafuente, Pablo"]
[Black "Rodriguez, Andres"]
[Result "0-1"]
[WhiteElo "2425"]
[BlackElo "2502"]
[PlyCount "70"]
[EventDate "2006.04.29"]
[EventType "tourn"]
[EventRounds "9"]
[EventCountry "BRA"]
[Source "lmi"]
[SourceDate "2006.05.07"]

1. d4 f5 2. Nf3 Nf6 3. g3 g6 4. Bg2 Bg7 5. O-O O-O 6. c4 d6 7. Nc3 Nc6 8. d5
Ne5 9. Qb3 Nfd7 10. Nxe5 dxe5 11. Qa3 e4 12. Bg5 Rf7 13. Rad1 Ne5 14. c5 h6 15.
Bc1 g5 16. f4 exf3 17. exf3 f4 18. Ne4 Qf8 19. Qb3 b6 20. gxf4 gxf4 21. d6 exd6
22. cxd6 c5 23. Rfe1 c4 24. Qa3 Nd3 25. Rxd3 cxd3 26. Qxd3 Bf5 27. Qd5 Re8 28.
Bd2 Be6 29. Qd3 Bxb2 30. Kh1 Qg7 31. Rg1 Kh8 32. Bh3 Bxh3 33. Rxg7 Rxg7 34. Qb5
Bg2+ 35. Kg1 Bd4+ 0-1

[Event "6. Torneo Governador Mario Covas"]
[Site "Santos BRA"]
[Date "2006.05.03"]
[Round "5.5"]
[White "Matsuura, Everaldo"]
[Black "Milos, Gilberto"]
[Result "1/2-1/2"]
[WhiteElo "2473"]
[BlackElo "2589"]
[PlyCount "46"]
[EventDate "2006.04.29"]
[EventType "tourn"]
[EventRounds "9"]
[EventCountry "BRA"]
[Source "lmi"]
[SourceDate "2006.05.07"]

1. e4 c5 2. c3 d6 3. d4 Nf6 4. Bd3 Nc6 5. d5 Ne5 6. Bc2 Ng6 7. f4 e6 8. c4 exd5
9. cxd5 Be7 10. Nf3 O-O 11. O-O Re8 12. Nc3 Bf8 13. a4 a6 14. a5 b5 15. axb6
Qxb6 16. Kh1 Ra7 17. Nd2 Bg4 18. Qe1 Bd7 19. Bd3 Qb7 20. Qe2 Bg4 21. Qf2 Bd7
22. Qe2 Bg4 23. Qf2 Bd7 1/2-1/2

[Event "6. Torneo Governador Mario Covas"]
[Site "Santos BRA"]
[Date "2006.05.04"]
[Round "6.1"]
[White "Zambrana, Oswaldo"]
[Black "Milos, Gilberto"]
[Result "1/2-1/2"]
[WhiteElo "2425"]
[BlackElo "2589"]
[PlyCount "154"]
[EventDate "2006.04.29"]
[EventType "tourn"]
[EventRounds "9"]
[EventCountry "BRA"]
[Source "lmi"]
[SourceDate "2006.05.07"]

1. e4 c5 2. Nf3 Nc6 3. d4 cxd4 4. Nxd4 Nf6 5. Nc3 d6 6. Bg5 e6 7. Qd2 a6 8.
O-O-O Bd7 9. f3 Be7 10. h4 h6 11. Be3 h5 12. Bg5 Qc7 13. Kb1 Ne5 14. Bd3 b5 15.
Rhe1 b4 16. Nce2 Qb6 17. Be3 Qb7 18. Bg5 a5 19. f4 Neg4 20. Ng3 Qa7 21. Bc4 Rc8
22. b3 Rc5 23. Qe2 Qb6 24. Nf3 Bb5 25. Rd4 g6 26. f5 e5 27. Bxb5+ Rxb5 28. Rd2
Qc6 29. Red1 O-O 30. Nh2 Nxh2 31. Bxf6 Bxf6 32. Rxd6 Qc5 33. Rxf6 Ng4 34. Rfd6
Rb6 35. R6d5 Qe3 36. R1d3 Qg1+ 37. Kb2 Rc6 38. Rd8 Qc5 39. Rxf8+ Kxf8 40. Qd2
Rc7 41. fxg6 fxg6 42. Rf3+ Ke8 43. Rd3 Nf2 44. Rd5 Qc3+ 45. Qxc3 bxc3+ 46. Kb1
Ng4 47. Rxa5 Ne3 48. Rxe5+ Kf7 49. a4 Rd7 50. Rc5 Rd1+ 51. Ka2 Nxc2 52. Rxc3
Rd2 53. Rc7+ Ke6 54. Rc6+ Kf7 55. Rc7+ Ke6 56. Kb1 Nd4 57. Rc3 Rd1+ 58. Rc1 Rd3
59. Nf1 Rxb3+ 60. Ka2 Rb4 61. Rc5 Rxa4+ 62. Kb2 Ne2 63. Rc6+ Kf7 64. Nd2 Rb4+
65. Ka3 Rb5 66. Nc4 Kg7 67. e5 Nd4 68. Rc7+ Kf8 69. Rd7 Ne6 70. Rd6 Ke7 71. Ra6
Rd5 72. Kb4 Rd4 73. g3 Rg4 74. Ra7+ Kf8 75. Ra3 Ke7 76. Kb5 Nc7+ 77. Kb4 Ne6
1/2-1/2

[Event "6. Torneo Governador Mario Covas"]
[Site "Santos BRA"]
[Date "2006.05.04"]
[Round "6.2"]
[White "Rodriguez, Andres"]
[Black "Matsuura, Everaldo"]
[Result "1-0"]
[WhiteElo "2502"]
[BlackElo "2475"]
[PlyCount "115"]
[EventDate "2006.04.29"]
[EventType "tourn"]
[EventRounds "9"]
[EventCountry "BRA"]
[Source "lmi"]
[SourceDate "2006.05.07"]

1. e4 c5 2. Nc3 Nc6 3. d3 d6 4. g3 g6 5. Bg2 Bg7 6. Nh3 e6 7. Bg5 Nge7 8. Qd2
h6 9. Be3 b6 10. O-O d5 11. exd5 exd5 12. Nf4 d4 13. Ncd5 dxe3 14. Qxe3 Rb8 15.
Rae1 Kf8 16. c3 Nxd5 17. Bxd5 Ne7 18. Bb3 Bf6 19. Qf3 Kg7 20. g4 Bb7 21. Qg3
Nd5 22. Ng2 h5 23. f3 Bc6 24. Re4 Rb7 25. h3 Rd7 26. Re2 Qc7 27. f4 hxg4 28.
Qxg4 Rh5 29. Rf3 Ne7 30. Rg3 Kf8 31. Bxf7 Kxf7 32. Rxe7+ Kxe7 33. Qxg6 Bxg2 34.
Re3+ Re5 35. fxe5 Bxe5 36. Kxg2 Qd6 37. Qg5+ Ke6 38. Re4 Kd5 39. c4+ Ke6 40.
Qg6+ Ke7 41. Qf5 Kd8 42. Qxe5 Qg6+ 43. Kh2 Rxd3 44. Qe7+ Kc8 45. Qe8+ Qxe8 46.
Rxe8+ Kd7 47. Re2 a6 48. h4 Rd4 49. Kg3 Rxc4 50. h5 Rc1 51. h6 Rg1+ 52. Rg2 Rh1
53. Rh2 Rg1+ 54. Kf4 Rg8 55. h7 Rh8 56. Rh6 Kc7 57. Ke5 b5 58. Rxa6 1-0

[Event "6. Torneo Governador Mario Covas"]
[Site "Santos BRA"]
[Date "2006.05.05"]
[Round "7.2"]
[White "Coelho, Luis"]
[Black "Leitao, Rafael"]
[Result "1/2-1/2"]
[WhiteElo "2394"]
[BlackElo "2575"]
[PlyCount "29"]
[EventDate "2006.04.29"]
[EventType "tourn"]
[EventRounds "9"]
[EventCountry "BRA"]
[Source "lmi"]
[SourceDate "2006.05.07"]

1. d4 Nf6 2. c4 e6 3. g3 d5 4. Bg2 Bb4+ 5. Bd2 Be7 6. Nf3 O-O 7. O-O c6 8. Qc2
b6 9. Bf4 Ba6 10. b3 Nbd7 11. Nc3 Rc8 12. Rfd1 h6 13. e4 dxc4 14. Nd2 b5 15.
bxc4 1/2-1/2

[Event "6. Torneo Governador Mario Covas"]
[Site "Santos BRA"]
[Date "2006.05.05"]
[Round "7.5"]
[White "Milos, Gilberto"]
[Black "Rodriguez, Andres"]
[Result "1-0"]
[WhiteElo "2589"]
[BlackElo "2502"]
[PlyCount "71"]
[EventDate "2006.04.29"]
[EventType "tourn"]
[EventRounds "9"]
[EventCountry "BRA"]
[Source "lmi"]
[SourceDate "2006.05.07"]

1. d4 f5 2. Nf3 Nf6 3. g3 g6 4. Bg2 Bg7 5. O-O O-O 6. c4 d6 7. Nc3 c6 8. d5 e5
9. e4 cxd5 10. cxd5 f4 11. gxf4 Nh5 12. fxe5 Bg4 13. e6 Nf4 14. Bxf4 Rxf4 15.
Qd3 Na6 16. Nd2 Qg5 17. f3 Bh3 18. Qe2 Nc5 19. Kh1 Bxg2+ 20. Qxg2 Qe7 21. Nb3
b6 22. Ne2 Rff8 23. Nxc5 bxc5 24. Ng3 Rab8 25. Rab1 Qh4 26. b3 Rb7 27. Ne2 Be5
28. f4 Bxf4 29. Nxf4 Rxf4 30. Rxf4 Qxf4 31. Rf1 Qh4 32. Qf3 Qd8 33. e5 Rc7 34.
Qf6 Qa8 35. Kg1 dxe5 36. d6 1-0

[Event "6. Torneo Governador Mario Covas"]
[Site "Santos BRA"]
[Date "2006.05.06"]
[Round "8.1"]
[White "Zambrana, Oswaldo"]
[Black "Rodriguez, Andres"]
[Result "1-0"]
[WhiteElo "2425"]
[BlackElo "2502"]
[PlyCount "85"]
[EventDate "2006.04.29"]
[EventType "tourn"]
[EventRounds "9"]
[EventCountry "BRA"]
[Source "lmi"]
[SourceDate "2006.05.07"]

1. e4 c5 2. Nf3 d6 3. d4 cxd4 4. Nxd4 Nf6 5. Nc3 g6 6. Be3 Bg7 7. Qd2 Nc6 8. f3
O-O 9. Bc4 Bd7 10. O-O-O Rc8 11. Bb3 Ne5 12. Kb1 Nc4 13. Bxc4 Rxc4 14. g4 Qb8
15. h4 Rfc8 16. Nd5 Nxd5 17. exd5 b5 18. h5 Qb7 19. hxg6 fxg6 20. Qh2 h6 21. b3
Qb6 22. bxc4 bxc4+ 23. Ka1 Qb4 24. Qd2 c3 25. Qc1 Ba4 26. Rxh6 Bxh6 27. Bxh6
Rc4 28. Be3 Qa5 29. Nb3 Bxb3 30. cxb3 c2 31. Rd3 Rc8 32. Kb2 Kf7 33. Qf1 Qa6
34. Qe2 Ke8 35. Bg5 Rc7 36. Qe4 Kd8 37. Rc3 Rxc3 38. Qxe7+ Kc8 39. Qd8+ Kb7 40.
Kxc3 Qa3 41. Qd7+ Kb8 42. Qb5+ Ka8 43. Kd3 1-0

[Event "6. Torneo Governador Mario Covas"]
[Site "Santos BRA"]
[Date "2006.05.06"]
[Round "8.4"]
[White "Leitao, Rafael"]
[Black "Lafuente, Pablo"]
[Result "1-0"]
[WhiteElo "2575"]
[BlackElo "2405"]
[PlyCount "81"]
[EventDate "2006.04.29"]
[EventType "tourn"]
[EventRounds "9"]
[EventCountry "BRA"]
[Source "lmi"]
[SourceDate "2006.05.07"]

1. d4 Nf6 2. c4 e6 3. Nf3 b6 4. g3 Bb7 5. Bg2 Be7 6. Nc3 Na6 7. O-O O-O 8. Ne5
Bxg2 9. Kxg2 c6 10. a3 Qc7 11. Nf3 d5 12. cxd5 exd5 13. Bg5 Nb8 14. Bxf6 Bxf6
15. Rc1 Qd7 16. e4 Rd8 17. Qa4 a6 18. Rfe1 b5 19. Qb3 g6 20. a4 Ra7 21. axb5
axb5 22. exd5 cxd5 23. Nxd5 Qxd5 24. Re8+ Kg7 25. Qxd5 Rxd5 26. Rxb8 Bxd4 27.
Rd1 Rad7 28. Rxd4 Rxd4 29. Nxd4 Rxd4 30. Rxb5 h5 31. h4 Rd3 32. Rb6 f6 33. b4
Rb3 34. b5 g5 35. hxg5 fxg5 36. Rb8 Kh7 37. b6 Kg7 38. f4 h4 39. b7 Rb2+ 40.
Kh3 Rb3 41. f5 1-0

[Event "6. Torneo Governador Mario Covas"]
[Site "Santos BRA"]
[Date "2006.05.07"]
[Round "9.1"]
[White "Coelho, Luis"]
[Black "Zambrana, Oswaldo"]
[Result "0-1"]
[WhiteElo "2394"]
[BlackElo "2425"]
[PlyCount "106"]
[EventDate "2006.04.29"]
[EventType "tourn"]
[EventRounds "9"]
[EventCountry "BRA"]
[Source "lmi"]
[SourceDate "2006.05.07"]

1. d4 d5 2. c4 c6 3. Nf3 Nf6 4. Nc3 Nbd7 5. e3 e6 6. Bd3 dxc4 7. Bxc4 b5 8. Bd3
Bd6 9. Ng5 Bb7 10. Qf3 h6 11. Qh3 a6 12. O-O c5 13. Bd2 Qb6 14. Nge4 Be7 15.
dxc5 Nxc5 16. Nxc5 Bxc5 17. e4 Rd8 18. Rad1 Qc6 19. Bc2 Qc7 20. a3 O-O 21. Rfe1
Qe5 22. Qh4 g5 23. Qg3 Qxg3 24. hxg3 Ng4 25. Re2 Rd7 26. Bc1 Rc7 27. Kf1 Rfc8
28. e5 Bxa3 29. f3 Nh2+ 30. Kg1 Nxf3+ 31. gxf3 Bxf3 32. Be4 Rxc3 33. Bxf3 Rxc1
34. Red2 Rxd1+ 35. Rxd1 Be7 36. Bh5 Rc7 37. Kg2 Kf8 38. Kf3 Ke8 39. Rd3 Bf8 40.
Ke4 Rc4+ 41. Kf3 Rc5 42. Ra3 Rc6 43. Rc3 Rxc3+ 44. bxc3 Bc5 45. Ke2 Bb6 46. Kd3
Bf2 47. Bf3 Bxg3 48. Kd4 Ke7 49. Be2 Kf8 50. Ke4 Kg7 51. Kd4 Bf2+ 52. Ke4 Kg6
53. Bd3 Bb6 0-1

[Event "6. Torneo Governador Mario Covas"]
[Site "Santos BRA"]
[Date "2006.05.07"]
[Round "9.3"]
[White "Matsuura, Everaldo"]
[Black "Leitao, Rafael"]
[Result "1/2-1/2"]
[WhiteElo "2473"]
[BlackElo "2575"]
[PlyCount "46"]
[EventDate "2006.04.29"]
[EventType "tourn"]
[EventRounds "9"]
[EventCountry "BRA"]
[Source "lmi"]
[SourceDate "2006.05.07"]

1. e4 c5 2. Nf3 Nc6 3. c3 Nf6 4. e5 Nd5 5. d4 cxd4 6. Bc4 Nb6 7. Bb3 d5 8. exd6
Qxd6 9. O-O Be6 10. Na3 dxc3 11. Qe2 Bxb3 12. Nb5 Qb8 13. axb3 g6 14. Be3 Nc8
15. Ra4 Bg7 16. bxc3 O-O 17. Rh4 Nd6 18. Bf4 e5 19. Nxe5 Re8 20. Qd3 Nxe5 21.
Qxd6 Qxd6 22. Nxd6 Re7 23. Be3 a6 1/2-1/2

[Event "6. Torneo Governador Mario Covas"]
[Site "Santos BRA"]
[Date "2006.05.07"]
[Round "9.5"]
[White "Rodriguez, Andres"]
[Black "Fier, Alexander"]
[Result "1-0"]
[WhiteElo "2502"]
[BlackElo "2471"]
[PlyCount "57"]
[EventDate "2006.04.29"]
[EventType "tourn"]
[EventRounds "9"]
[EventCountry "BRA"]
[Source "lmi"]
[SourceDate "2006.05.07"]

1. e4 c5 2. Nf3 d6 3. d4 cxd4 4. Nxd4 Nf6 5. Nc3 Nc6 6. Be3 Ng4 7. Bb5 Nxe3 8.
fxe3 Bd7 9. O-O Ne5 10. Nf3 Bxb5 11. Nxb5 Nxf3+ 12. Qxf3 f6 13. e5 dxe5 14.
Qxb7 Rb8 15. Qc6+ Kf7 16. Qc4+ e6 17. Rad1 Qc8 18. Qa4 Be7 19. Nxa7 Qc5 20. Nc6
Qxe3+ 21. Kh1 Ra8 22. Qb5 Rhe8 23. Rd7 Rxa2 24. Qb4 Qe2 25. Rg1 Qxc2 26. Nxe7
Rxb2 27. Nf5+ Kg8 28. Rxg7+ Kh8 29. Rxh7+ 1-0